Loading...
| 2 | 3 | 0 | 1 | 60 | 60 | 97.00 | 5 | 5 | 0.00 | 0.00 | |
| Fine Arts - Visual | 2 | 2 | 0 | 1 | 50 | 50 | 88.00 | 4 | 4 | 0.00 | 0.00 |
| Philosophy | 1 | 2 | 0 | 1 | 35 | 73 | 94.67 | 3 | 3 | 0.00 | 0.00 |
| Literature - European | 1 | 2 | 0 | 0 | 35 | 79 | 87.00 | 3 | 3 | 0.00 | 0.00 |
| Literature - British | 0 | 3 | 0 | 0 | 30 | 107 | 124.67 | 3 | 3 | 0.00 | 0.00 |
| History - European | 0 | 3 | 0 | 2 | 30 | 79 | 100.67 | 3 | 3 | 0.00 | 0.00 |
| Beliefs | 1 | 2 | 1 | 1 | 30 | 26 | 86.33 | 3 | 3 | 0.00 | 0.00 |
| Social Science | 0 | 2 | 0 | 1 | 20 | 117 | 123.50 | 2 | 2 | 0.00 | 0.00 |
| Science - Physics | 0 | 2 | 0 | 0 | 20 | 76 | 81.00 | 2 | 2 | 0.00 | 0.00 |
| Literature - American | 0 | 2 | 0 | 0 | 20 | 78 | 82.50 | 2 | 2 | 0.00 | 0.00 |
| Science - Chemistry | 0 | 2 | 0 | 0 | 20 | 108 | 109.50 | 2 | 2 | 0.00 | 0.00 |
| Science - Biology | 0 | 1 | 0 | 0 | 10 | 118 | 118.00 | 1 | 1 | 0.00 | 0.00 |
| Current Events | 0 | 1 | 0 | 0 | 10 | 94 | 94.00 | 1 | 1 | 0.00 | 0.00 |
| Chemistry> | 0 | 1 | 0 | 0 | 10 | 116 | 116.00 | 1 | 1 | 0.00 | 0.00 |
| Other Arts: Auditory | 0 | 1 | 0 | 0 | 10 | 103 | 103.00 | 1 | 1 | 0.00 | 0.00 |
| Other Science: Math | 0 | 1 | 0 | 0 | 10 | 91 | 91.00 | 1 | 1 | 0.00 | 0.00 |
| History - World | 0 | 1 | 1 | 0 | 5 | 98 | 98.00 | 1 | 1 | 0.00 | 0.00 |
| Fine Arts - Auditory | 0 | 1 | 1 | 0 | 5 | 96 | 96.00 | 1 | 1 | 0.00 | 0.00 |
| Geography | 0 | 0 | 1 | 0 | -5 | 0.00 | 0 | 0 | 0.00 | 0.00 |